[Event "EU-chT (Men) 10th"]
[Site "Debrecen"]
[Date "1992.11.??"]
[Round "1.2"]
[White "Psakhis, Lev"]
[Black "Mortensen, Erling"]
[Result "1/2-1/2"]
[WhiteElo "2605"]
[BlackElo "2430"]
[PlyCount "45"]
[EventDate "1992.11.20"]
[EventType "team-swiss"]
[EventRounds "9"]
[EventCountry "HUN"]
[SourceTitle "EU-chT"]
[Source "ChessBase"]
[SourceDate "1999.07.01"]
[SourceVersion "2"]
[SourceVersionDate "1999.07.01"]
[SourceQuality "1"]
[WhiteTeam "Israel"]
[BlackTeam "Denmark"]
[WhiteTeamCountry "ISR"]
[BlackTeamCountry "DEN"]

1. e4 c5 2. Nf3 e6 3. d4 cxd4 4. Nxd4 a6 5. Bd3 Qc7 6. O-O Nf6 7. Qe2 d6 8. c4
b6 9. Nc3 Bb7 10. f4 Be7 11. Nf3 O-O 12. Bd2 Nbd7 13. b4 a5 14. Nb5 Qb8 15. a3
Re8 16. Nbd4 axb4 17. axb4 Rxa1 18. Rxa1 e5 19. fxe5 Nxe5 20. Nxe5 dxe5 21. Nf5
Bf8 22. Qf3 Qd8 23. Re1 1/2-1/2

[Event "EU-chT (Men) 10th"]
[Site "Debrecen"]
[Date "1992.11.??"]
[Round "1.3"]
[White "Danielsen, Henrik"]
[Black "Greenfeld, Alon"]
[Result "0-1"]
[WhiteElo "2390"]
[BlackElo "2520"]
[PlyCount "48"]
[EventDate "1992.11.20"]
[EventType "team-swiss"]
[EventRounds "9"]
[EventCountry "HUN"]
[SourceTitle "EU-chT"]
[Source "ChessBase"]
[SourceDate "1999.07.01"]
[SourceVersion "2"]
[SourceVersionDate "1999.07.01"]
[SourceQuality "1"]
[WhiteTeam "Denmark"]
[BlackTeam "Israel"]
[WhiteTeamCountry "DEN"]
[BlackTeamCountry "ISR"]

1. d4 Nf6 2. Nf3 d5 3. c4 e6 4. Bg5 Bb4+ 5. Nbd2 h6 6. Bxf6 Qxf6 7. e3 c6 8.
Bd3 Nd7 9. O-O O-O 10. Rc1 Re8 11. Bb1 e5 12. cxd5 cxd5 13. dxe5 Nxe5 14. Qa4
Nxf3+ 15. Nxf3 Qe7 16. Rc7 Qf8 17. Qb5 Bd6 18. Rc2 Qe7 19. Qxd5 Bg4 20. Nd4
Rad8 21. Qb5 a6 22. Qd3 g6 23. Rfc1 Be5 24. Rd2 Bxd4 0-1

[Event "EU-chT (Men) 10th"]
[Site "Debrecen"]
[Date "1992.11.??"]
[Round "1.4"]
[White "Alterman, Boris"]
[Black "Hoi, Carsten"]
[Result "1-0"]
[WhiteElo "2515"]
[BlackElo "2430"]
[PlyCount "85"]
[EventDate "1992.11.20"]
[EventType "team-swiss"]
[EventRounds "9"]
[EventCountry "HUN"]
[SourceTitle "EU-chT"]
[Source "ChessBase"]
[SourceDate "1999.07.01"]
[SourceVersion "2"]
[SourceVersionDate "1999.07.01"]
[SourceQuality "1"]
[WhiteTeam "Israel"]
[BlackTeam "Denmark"]
[WhiteTeamCountry "ISR"]
[BlackTeamCountry "DEN"]

1. d4 d6 2. e4 Nf6 3. f3 g6 4. Be3 Bg7 5. c4 O-O 6. Nc3 e5 7. Nge2 Nbd7 8. Qb3
c6 9. O-O-O Qc7 10. Kb1 Re8 11. d5 cxd5 12. cxd5 Nc5 13. Nb5 Qd8 14. Bxc5 dxc5
15. d6 Be6 16. Qc2 Rc8 17. Nec3 a6 18. d7 Nxd7 19. Nd6 b5 20. a4 b4 21. Nd5 b3
22. Qxb3 Rb8 23. Qc2 Rf8 24. Bc4 Nb6 25. Nxb6 Qxb6 26. Bxe6 fxe6 27. Nc4 Qc7
28. Rd6 Rfd8 29. Rhd1 Rxd6 30. Rxd6 Bf8 31. Rd1 Be7 32. Ka2 Kg7 33. Qc3 Bf6 34.
Rd6 Rd8 35. Qd3 Rxd6 36. Qxd6 Qc8 37. Nb6 Qg8 38. Kb3 h5 39. Kc4 Kh6 40. Nd7
Bg7 41. Nxc5 a5 42. Nxe6 Qc8+ 43. Kb3 1-0

[Event "EU-chT (Men) 10th"]
[Site "Debrecen"]
[Date "1992.11.??"]
[Round "2.1"]
[White "Hansen, Lars Bo"]
[Black "Rivas Pastor, Manuel"]
[Result "1/2-1/2"]
[WhiteElo "2535"]
[BlackElo "2520"]
[PlyCount "65"]
[EventDate "1992.11.20"]
[EventType "team-swiss"]
[EventRounds "9"]
[EventCountry "HUN"]
[SourceTitle "EU-chT"]
[Source "ChessBase"]
[SourceDate "1999.07.01"]
[SourceVersion "2"]
[SourceVersionDate "1999.07.01"]
[SourceQuality "1"]
[WhiteTeam "Denmark"]
[BlackTeam "Spain"]
[WhiteTeamCountry "DEN"]
[BlackTeamCountry "ESP"]

1. d4 d6 2. Nf3 Bg4 3. e3 Nf6 4. c4 c6 5. Nc3 Nbd7 6. Be2 e6 7. e4 Be7 8. O-O
O-O 9. Be3 a6 10. Rc1 b5 11. Nd2 Bxe2 12. Qxe2 e5 13. d5 b4 14. Na4 c5 15. Rce1
Re8 16. g3 Bf8 17. f3 Nh5 18. Qg2 g6 19. Kh1 Bg7 20. b3 a5 21. f4 exf4 22. gxf4
Nb6 23. e5 Nxa4 24. bxa4 dxe5 25. f5 Nf4 26. Bxf4 exf4 27. Ne4 Qh4 28. Re2 Bd4
29. Rf3 Be3 30. Ng5 Bd4 31. Ne4 Be3 32. Ng5 Bd4 33. Ne4 1/2-1/2

[Event "EU-chT (Men) 10th"]
[Site "Debrecen"]
[Date "1992.11.??"]
[Round "2.2"]
[White "Magem Badals, Jordi"]
[Black "Mortensen, Erling"]
[Result "0-1"]
[WhiteElo "2515"]
[BlackElo "2430"]
[PlyCount "78"]
[EventDate "1992.11.20"]
[EventType "team-swiss"]
[EventRounds "9"]
[EventCountry "HUN"]
[SourceTitle "EU-chT"]
[Source "ChessBase"]
[SourceDate "1999.07.01"]
[SourceVersion "2"]
[SourceVersionDate "1999.07.01"]
[SourceQuality "1"]
[WhiteTeam "Spain"]
[BlackTeam "Denmark"]
[WhiteTeamCountry "ESP"]
[BlackTeamCountry "DEN"]

1. e4 c5 2. Nf3 Nc6 3. Bb5 g6 4. Bxc6 bxc6 5. O-O Bg7 6. Re1 Nh6 7. c3 O-O 8.
d4 cxd4 9. cxd4 f6 10. Nc3 d6 11. h3 Nf7 12. b3 Qa5 13. Bd2 Qa6 14. Rc1 Re8 15.
Re2 Bd7 16. Be3 Rad8 17. Rd2 f5 18. e5 h6 19. h4 Be6 20. exd6 exd6 21. d5 Bd7
22. dxc6 Bxc6 23. Bd4 Be5 24. Bxe5 dxe5 25. Nd5 Bxd5 26. Rxd5 e4 27. Nh2 Rxd5
28. Qxd5 Rd8 29. Qc4 Qxa2 30. h5 gxh5 31. Qe6 Qa5 32. Qg6+ Kf8 33. Nf1 Qe5 34.
Rc6 Rd1 35. Rf6 Qd5 36. Qxh6+ Ke7 37. Qg6 Rxf1+ 38. Kh2 Qe5+ 39. g3 Qxf6 0-1

[Event "EU-chT (Men) 10th"]
[Site "Debrecen"]
[Date "1992.11.??"]
[Round "2.3"]
[White "Danielsen, Henrik"]
[Black "Fernandez Garcia, Jose Luis"]
[Result "1/2-1/2"]
[WhiteElo "2390"]
[BlackElo "2265"]
[PlyCount "45"]
[EventDate "1992.11.20"]
[EventType "team-swiss"]
[EventRounds "9"]
[EventCountry "HUN"]
[SourceTitle "EU-chT"]
[Source "ChessBase"]
[SourceDate "1999.07.01"]
[SourceVersion "2"]
[SourceVersionDate "1999.07.01"]
[SourceQuality "1"]
[WhiteTeam "Denmark"]
[BlackTeam "Spain"]
[WhiteTeamCountry "DEN"]
[BlackTeamCountry "ESP"]

1. Nf3 Nf6 2. c4 g6 3. Nc3 d5 4. d4 Bg7 5. Bf4 O-O 6. e3 c5 7. dxc5 Qa5 8. Rc1
dxc4 9. Bxc4 Qxc5 10. Bb3 Nc6 11. O-O Qa5 12. h3 Qa6 13. Ne5 Nxe5 14. Bxe5 Be6
15. Bd4 Rfd8 16. Bxe6 Qxe6 17. Qf3 b6 18. b3 Ne8 19. Rfd1 Rac8 20. Bxg7 Kxg7
21. Rxd8 Rxd8 22. Rd1 Rxd1+ 23. Nxd1 1/2-1/2

[Event "EU-chT (Men) 10th"]
[Site "Debrecen"]
[Date "1992.11.??"]
[Round "2.4"]
[White "Izeta Txabarri, Felix"]
[Black "Berg, Klaus"]
[Result "1-0"]
[WhiteElo "2445"]
[BlackElo "2385"]
[PlyCount "83"]
[EventDate "1992.11.20"]
[EventType "team-swiss"]
[EventRounds "9"]
[EventCountry "HUN"]
[SourceTitle "EU-chT"]
[Source "ChessBase"]
[SourceDate "1999.07.01"]
[SourceVersion "2"]
[SourceVersionDate "1999.07.01"]
[SourceQuality "1"]
[WhiteTeam "Spain"]
[BlackTeam "Denmark"]
[WhiteTeamCountry "ESP"]
[BlackTeamCountry "DEN"]

1. d4 Nf6 2. Nf3 g6 3. Nc3 d5 4. Bf4 Bg7 5. e3 Bg4 6. Be2 c6 7. Ne5 Bxe2 8.
Qxe2 Nbd7 9. h4 Qa5 10. f3 Nh5 11. Bh2 Bxe5 12. dxe5 Ng7 13. O-O-O Nb6 14. e4
Nc4 15. Rd3 d4 16. Rxd4 Nxb2 17. Kxb2 Qb6+ 18. Nb5 a6 19. Bg1 c5 20. Rb4 O-O
21. a3 axb5 22. Qxb5 Qd8 23. Bxc5 Qd2 24. Qd3 Qxg2 25. Rd1 Qg3 26. Rxb7 Ne6 27.
Bxe7 Rfb8 28. Rxb8+ Rxb8+ 29. Bb4 Qxe5+ 30. Qc3 Qh2 31. Qf6 Qe2 32. Rd7 Rf8 33.
Bxf8 Qb5+ 34. Bb4 Qxd7 35. Qe7 Qd4+ 36. Bc3 Qb6+ 37. Qb4 Qd8 38. a4 Qxh4 39.
Qb8+ Qd8 40. Qxd8+ Nxd8 41. a5 Ne6 42. Be5 1-0

[Event "EU-chT (Men) 10th"]
[Site "Debrecen"]
[Date "1992.11.??"]
[Round "3.1"]
[White "Fernandes, Antonio"]
[Black "Hansen, Lars Bo"]
[Result "1-0"]
[WhiteElo "2440"]
[BlackElo "2535"]
[PlyCount "84"]
[EventDate "1992.11.20"]
[EventType "team-swiss"]
[EventRounds "9"]
[EventCountry "HUN"]
[SourceTitle "EU-chT"]
[Source "ChessBase"]
[SourceDate "1999.07.01"]
[SourceVersion "2"]
[SourceVersionDate "1999.07.01"]
[SourceQuality "1"]
[WhiteTeam "Portugal"]
[BlackTeam "Denmark"]
[WhiteTeamCountry "POR"]
[BlackTeamCountry "DEN"]

1. e4 c6 2. d4 d5 3. Nc3 dxe4 4. Nxe4 Bf5 5. Ng3 Bg6 6. c3 Nd7 7. Nh3 Ngf6 8.
Be2 Qc7 9. Bf4 Qb6 10. b4 e6 11. O-O Be7 12. Qb3 O-O 13. Rfd1 a5 14. a3 Rfe8
15. Bd2 e5 16. Be3 Qc7 17. dxe5 a4 18. Qa2 Nxe5 19. c4 Ne4 20. Rac1 Bf6 21. Nf4
Nxg3 22. hxg3 Qc8 23. Bd4 Qf5 24. Nxg6 hxg6 25. Qc2 Qe6 26. Rd2 Ng4 27. Bxf6
gxf6 28. Rcd1 Kg7 29. Qc3 Re7 30. Qd4 Nh6 31. g4 g5 32. Bf3 Rae8 33. g3 Qc8 34.
Kf1 Ng8 35. Qc3 Nh6 36. Qd4 Rc7 37. c5 Ree7 38. Kg2 Re8 39. Rh1 Ree7 40. Rxh6
Kxh6 41. Qxf6+ Kh7 42. Rd1 Kg8 1-0

[Event "EU-chT (Men) 10th"]
[Site "Debrecen"]
[Date "1992.11.??"]
[Round "3.2"]
[White "Mortensen, Erling"]
[Black "Damaso, Rui"]
[Result "0-1"]
[WhiteElo "2430"]
[BlackElo "2450"]
[PlyCount "46"]
[EventDate "1992.11.20"]
[EventType "team-swiss"]
[EventRounds "9"]
[EventCountry "HUN"]
[SourceTitle "EU-chT"]
[Source "ChessBase"]
[SourceDate "1999.07.01"]
[SourceVersion "2"]
[SourceVersionDate "1999.07.01"]
[SourceQuality "1"]
[WhiteTeam "Denmark"]
[BlackTeam "Portugal"]
[WhiteTeamCountry "DEN"]
[BlackTeamCountry "POR"]

1. e4 d5 2. exd5 Nf6 3. d4 Bg4 4. Nf3 Qxd5 5. Nc3 Qf5 6. Be2 Nc6 7. Be3 O-O-O
8. O-O e5 9. d5 Nb4 10. h3 Bxf3 11. Bxf3 Kb8 12. g4 Qg6 13. Qe2 h5 14. g5 Nxc2
15. Nb5 Nd4 16. Nxd4 exd4 17. Bxd4 Qxg5+ 18. Bg2 Nxd5 19. Qf3 c6 20. Rfe1 Bd6
21. Re4 Bc7 22. b4 f5 23. Re5 Nf4 0-1

[Event "EU-chT (Men) 10th"]
[Site "Debrecen"]
[Date "1992.11.??"]
[Round "3.3"]
[White "Galego, Luis"]
[Black "Danielsen, Henrik"]
[Result "1-0"]
[WhiteElo "2405"]
[BlackElo "2390"]
[PlyCount "67"]
[EventDate "1992.11.20"]
[EventType "team-swiss"]
[EventRounds "9"]
[EventCountry "HUN"]
[SourceTitle "EU-chT"]
[Source "ChessBase"]
[SourceDate "1999.07.01"]
[SourceVersion "2"]
[SourceVersionDate "1999.07.01"]
[SourceQuality "1"]
[WhiteTeam "Portugal"]
[BlackTeam "Denmark"]
[WhiteTeamCountry "POR"]
[BlackTeamCountry "DEN"]

1. e4 c6 2. Nc3 d5 3. Qf3 dxe4 4. Nxe4 Nd7 5. d4 Ndf6 6. Nxf6+ Nxf6 7. c3 Bg4
8. Qg3 e6 9. Nf3 Bxf3 10. Qxf3 Qd5 11. Qxd5 Nxd5 12. Be2 O-O-O 13. Bf3 Be7 14.
Bd2 Rd7 15. O-O-O Rhd8 16. Kc2 c5 17. dxc5 Bxc5 18. Rhf1 h6 19. a3 Nf6 20. b4
Bb6 21. Bc1 Rxd1 22. Bxd1 Ne4 23. f4 Nd6 24. g4 a5 25. Be2 axb4 26. axb4 Kc7
27. Bd3 f6 28. Re1 Kd7 29. c4 Bd4 30. c5 Nc8 31. Bb5+ Ke7 32. Bc4 e5 33. fxe5
fxe5 34. Rf1 1-0

[Event "EU-chT (Men) 10th"]
[Site "Debrecen"]
[Date "1992.11.??"]
[Round "3.4"]
[White "Hoi, Carsten"]
[Black "Santos, Jose Pereira"]
[Result "1-0"]
[WhiteElo "2430"]
[BlackElo "2380"]
[PlyCount "103"]
[EventDate "1992.11.20"]
[EventType "team-swiss"]
[EventRounds "9"]
[EventCountry "HUN"]
[SourceTitle "EU-chT"]
[Source "ChessBase"]
[SourceDate "1999.07.01"]
[SourceVersion "2"]
[SourceVersionDate "1999.07.01"]
[SourceQuality "1"]
[WhiteTeam "Denmark"]
[BlackTeam "Portugal"]
[WhiteTeamCountry "DEN"]
[BlackTeamCountry "POR"]

1. d4 Nf6 2. Nf3 g6 3. c4 Bg7 4. Nc3 d5 5. cxd5 Nxd5 6. e4 Nxc3 7. bxc3 c5 8.
Be3 Qa5 9. Qd2 O-O 10. Rc1 e6 11. d5 exd5 12. exd5 Bg4 13. Be2 Nd7 14. c4 Qxd2+
15. Nxd2 Bxe2 16. Kxe2 Rae8 17. Nf3 Bd4 18. Kd3 Bxe3 19. fxe3 Nf6 20. Rhe1 Ne4
21. Re2 f5 22. Nd2 Rf6 23. Nxe4 fxe4+ 24. Kc3 Ra6 25. Rb1 Re7 26. Rb5 Rc7 27.
Reb2 Ra3+ 28. R5b3 Rxb3+ 29. axb3 Kf7 30. b4 Kf6 31. bxc5 Ke5 32. Kb4 Rf7 33.
Ra2 Rf1 34. Rxa7 Rb1+ 35. Ka5 Rb3 36. c6 bxc6 37. Re7+ Kd6 38. Re6+ Kd7 39.
Rxc6 Rxe3 40. Re6 Re2 41. g4 Rxh2 42. Rxe4 Rb2 43. c5 Rd2 44. Re5 Rb2 45. g5
Rb1 46. Re6 Ra1+ 47. Kb4 Rb1+ 48. Kc4 Rc1+ 49. Kd4 Rd1+ 50. Ke5 Re1+ 51. Kf6
Rf1+ 52. Kg7 1-0

[Event "EU-chT (Men) 10th"]
[Site "Debrecen"]
[Date "1992.11.??"]
[Round "4.1"]
[White "Brady, Stephen"]
[Black "Hansen, Lars Bo"]
[Result "0-1"]
[WhiteElo "2320"]
[BlackElo "2535"]
[PlyCount "90"]
[EventDate "1992.11.20"]
[EventType "team-swiss"]
[EventRounds "9"]
[EventCountry "HUN"]
[SourceTitle "EU-chT"]
[Source "ChessBase"]
[SourceDate "1999.07.01"]
[SourceVersion "2"]
[SourceVersionDate "1999.07.01"]
[SourceQuality "1"]
[WhiteTeam "Ireland"]
[BlackTeam "Denmark"]
[WhiteTeamCountry "IRL"]
[BlackTeamCountry "DEN"]

1. e4 e6 2. d4 d5 3. e5 c5 4. c3 Nc6 5. Nf3 Bd7 6. dxc5 Bxc5 7. Bd3 Nge7 8. b4
Bb6 9. b5 Na5 10. O-O Rc8 11. Re1 Nc4 12. a4 Ng6 13. Ra2 h6 14. g3 O-O 15. h4
f5 16. h5 Nh8 17. Nh4 Be8 18. Bf4 a6 19. bxa6 bxa6 20. Be2 Qe7 21. Nd2 Qa7 22.
Rf1 Na5 23. Nb1 Bc6 24. Qd3 Bb7 25. Nd2 d4 26. cxd4 Bxd4 27. Nhf3 Bb6 28. Rb2
Rfd8 29. Qb1 Bc5 30. Nb3 Be4 31. Qe1 Nxb3 32. Rxb3 Bd5 33. Rd3 Nf7 34. Qb1 Be4
35. Rxd8+ Nxd8 36. Qb3 Bd5 37. Qd3 a5 38. Nh4 Be4 39. Qd2 Nc6 40. Bc4 Qf7 41.
Rd1 Kh7 42. Qd7 Qxh5 43. Re1 Rd8 44. Qc7 Rd1 45. Rf1 Nd4 0-1

[Event "EU-chT (Men) 10th"]
[Site "Debrecen"]
[Date "1992.11.??"]
[Round "4.2"]
[White "Mortensen, Erling"]
[Black "Daly, Colm"]
[Result "0-1"]
[WhiteElo "2430"]
[BlackElo "2225"]
[PlyCount "128"]
[EventDate "1992.11.20"]
[EventType "team-swiss"]
[EventRounds "9"]
[EventCountry "HUN"]
[SourceTitle "EU-chT"]
[Source "ChessBase"]
[SourceDate "1999.07.01"]
[SourceVersion "2"]
[SourceVersionDate "1999.07.01"]
[SourceQuality "1"]
[WhiteTeam "Denmark"]
[BlackTeam "Ireland"]
[WhiteTeamCountry "DEN"]
[BlackTeamCountry "IRL"]

1. e4 e6 2. d4 d5 3. Nc3 Nf6 4. e5 Nfd7 5. Nce2 c5 6. c3 Nc6 7. Nf3 a5 8. h4 a4
9. a3 cxd4 10. cxd4 Nb6 11. Nc3 Bd7 12. Bg5 Qb8 13. Bb5 h6 14. Bf4 Qd8 15. Qe2
Na5 16. Nd2 Rc8 17. Rh3 Nac4 18. Nxc4 dxc4 19. Bxd7+ Qxd7 20. Rd1 Nd5 21. Rc1
Nxc3 22. bxc3 Qd5 23. Kf1 h5 24. Kg1 Rc6 25. Qb2 Ra6 26. Bg5 b5 27. Rg3 Rb6 28.
Re1 Rb7 29. Rf3 Rg8 30. Rf4 g6 31. Bf6 Kd7 32. Re3 Ke8 33. Bg5 Rd7 34. Rh3 Rh8
35. f3 Rb7 36. Bf6 Rh7 37. Kf2 Rd7 38. g4 Ra7 39. gxh5 Rxh5 40. Rg4 Bh6 41. Qb1
Qd7 42. Rh1 Bf8 43. Rg5 Rh7 44. Qb2 Qd5 45. h5 Kd7 46. Rhg1 Rxh5 47. Rxh5 gxh5
48. Rh1 b4 49. cxb4 c3 50. Qxc3 Rc7 51. Qd3 Rc4 52. Rd1 Kc6 53. Bg5 Bg7 54. Be3
f5 55. Rg1 Bxe5 56. Rg6 f4 57. Bd2 Bxd4+ 58. Kg2 Be3 59. Qxd5+ Kxd5 60. Bxe3
fxe3 61. Rg5+ Kd4 62. Rg8 Rc1 63. Rd8+ Kc3 64. Rc8+ Kb2 0-1

[Event "EU-chT (Men) 10th"]
[Site "Debrecen"]
[Date "1992.11.??"]
[Round "5.2"]
[White "Brunner, Lucas"]
[Black "Danielsen, Henrik"]
[Result "1-0"]
[WhiteElo "2500"]
[BlackElo "2390"]
[PlyCount "63"]
[EventDate "1992.11.20"]
[EventType "team-swiss"]
[EventRounds "9"]
[EventCountry "HUN"]
[SourceTitle "EU-chT"]
[Source "ChessBase"]
[SourceDate "1999.07.01"]
[SourceVersion "2"]
[SourceVersionDate "1999.07.01"]
[SourceQuality "1"]
[WhiteTeam "Switzerland"]
[BlackTeam "Denmark"]
[WhiteTeamCountry "SUI"]
[BlackTeamCountry "DEN"]

1. e4 c6 2. d4 d5 3. Nc3 dxe4 4. Nxe4 Bf5 5. Ng3 Bg6 6. h4 h6 7. Nf3 Nd7 8. h5
Bh7 9. Bd3 Bxd3 10. Qxd3 e6 11. Bd2 Ngf6 12. O-O-O Qc7 13. Ne4 O-O-O 14. g3
Nxe4 15. Qxe4 Bd6 16. c4 c5 17. Bc3 cxd4 18. Nxd4 a6 19. Nf3 Nf6 20. Qe2 Rd7
21. Ne5 Bxe5 22. Bxe5 Qc6 23. g4 Rhd8 24. f3 Ne8 25. Bc3 f6 26. Rxd7 Rxd7 27.
Re1 Nd6 28. Qxe6 Qxf3 29. Qg8+ Kc7 30. c5 Qf4+ 31. Kb1 Nc4 32. Qe6 1-0

[Event "EU-chT (Men) 10th"]
[Site "Debrecen"]
[Date "1992.11.??"]
[Round "5.3"]
[White "Hoi, Carsten"]
[Black "Hug, Werner"]
[Result "1/2-1/2"]
[WhiteElo "2430"]
[BlackElo "2425"]
[PlyCount "21"]
[EventDate "1992.11.20"]
[EventType "team-swiss"]
[EventRounds "9"]
[EventCountry "HUN"]
[SourceTitle "EU-chT"]
[Source "ChessBase"]
[SourceDate "1999.07.01"]
[SourceVersion "2"]
[SourceVersionDate "1999.07.01"]
[SourceQuality "1"]
[WhiteTeam "Denmark"]
[BlackTeam "Switzerland"]
[WhiteTeamCountry "DEN"]
[BlackTeamCountry "SUI"]

1. d4 Nf6 2. c4 d6 3. Nf3 g6 4. Nc3 Bg7 5. e4 Bg4 6. Be3 Nc6 7. Be2 Bxf3 8.
Bxf3 Nd7 9. h4 h5 10. Qd2 e5 11. Ne2 1/2-1/2

[Event "EU-chT (Men) 10th"]
[Site "Debrecen"]
[Date "1992.11.??"]
[Round "5.4"]
[White "Zueger, Beat"]
[Black "Berg, Klaus"]
[Result "1/2-1/2"]
[WhiteElo "2420"]
[BlackElo "2385"]
[PlyCount "21"]
[EventDate "1992.11.20"]
[EventType "team-swiss"]
[EventRounds "9"]
[EventCountry "HUN"]
[SourceTitle "EU-chT"]
[Source "ChessBase"]
[SourceDate "1999.07.01"]
[SourceVersion "2"]
[SourceVersionDate "1999.07.01"]
[SourceQuality "1"]
[WhiteTeam "Switzerland"]
[BlackTeam "Denmark"]
[WhiteTeamCountry "SUI"]
[BlackTeamCountry "DEN"]

1. d4 Nf6 2. c4 c5 3. d5 b5 4. Nf3 g6 5. Qc2 bxc4 6. e4 d6 7. Bxc4 Bg7 8. O-O
O-O 9. Re1 Nbd7 10. Nc3 Nb6 11. Bf1 1/2-1/2

[Event "EU-chT (Men) 10th"]
[Site "Debrecen"]
[Date "1992.11.??"]
[Round "6.1"]
[White "Rytshagov, Mikhail"]
[Black "Hansen, Lars Bo"]
[Result "1/2-1/2"]
[WhiteElo "2385"]
[BlackElo "2535"]
[PlyCount "74"]
[EventDate "1992.11.20"]
[EventType "team-swiss"]
[EventRounds "9"]
[EventCountry "HUN"]
[SourceTitle "EU-chT"]
[Source "ChessBase"]
[SourceDate "1999.07.01"]
[SourceVersion "2"]
[SourceVersionDate "1999.07.01"]
[SourceQuality "1"]
[WhiteTeam "Estonia"]
[BlackTeam "Denmark"]
[WhiteTeamCountry "EST"]
[BlackTeamCountry "DEN"]

1. e4 c6 2. d4 d5 3. e5 c5 4. dxc5 Nc6 5. Bf4 e6 6. Nd2 Bxc5 7. Nb3 Bb6 8. Qg4
Kf8 9. h4 f6 10. Nf3 Qe7 11. c3 fxe5 12. Nxe5 Nf6 13. Qf3 Bc7 14. Nxc6 bxc6 15.
Bxc7 Qxc7 16. O-O-O e5 17. Qg3 Ne4 18. Qe3 Qb6 19. Re1 Qxe3+ 20. Rxe3 Ke7 21.
Rg1 Nxf2 22. Rxe5+ Kd6 23. Re3 Bd7 24. Ba6 Rae8 25. Rxe8 Rxe8 26. Rf1 Rf8 27.
Nd4 Rf4 28. b4 Rf6 29. a3 c5 30. bxc5+ Kxc5 31. Be2 Kd6 32. Kb2 h6 33. Kc1 Kc5
34. Nb3+ Kb6 35. Nd4 Kc5 36. Nb3+ Kb6 37. Nd4 Kc5 1/2-1/2

[Event "EU-chT (Men) 10th"]
[Site "Debrecen"]
[Date "1992.11.??"]
[Round "6.2"]
[White "Mortensen, Erling"]
[Black "Sepp, Olav"]
[Result "1-0"]
[WhiteElo "2430"]
[BlackElo "2335"]
[PlyCount "81"]
[EventDate "1992.11.20"]
[EventType "team-swiss"]
[EventRounds "9"]
[EventCountry "HUN"]
[SourceTitle "EU-chT"]
[Source "ChessBase"]
[SourceDate "1999.07.01"]
[SourceVersion "2"]
[SourceVersionDate "1999.07.01"]
[SourceQuality "1"]
[WhiteTeam "Denmark"]
[BlackTeam "Estonia"]
[WhiteTeamCountry "DEN"]
[BlackTeamCountry "EST"]

1. e4 e5 2. Nf3 Nc6 3. Bb5 a6 4. Ba4 Nf6 5. O-O b5 6. Bb3 Bb7 7. c3 Nxe4 8. d4
Na5 9. Bc2 exd4 10. Qe2 d5 11. Nxd4 c5 12. Nb3 Nxb3 13. axb3 Be7 14. Re1 O-O
15. f3 Bh4 16. fxe4 Bxe1 17. Qxe1 dxe4 18. Qg3 f5 19. Bf4 Qd5 20. Nd2 Qe6 21.
h4 Rf6 22. Qe3 Rc8 23. Rd1 Rf7 24. Nf3 Rd7 25. Ne5 Rxd1+ 26. Bxd1 Qd5 27. Be2
Re8 28. Qg3 Kh8 29. h5 Qe6 30. b4 cxb4 31. cxb4 Bd5 32. h6 Re7 33. Qh4 Kg8 34.
hxg7 e3 35. Nd3 h5 36. Be5 Be4 37. Qxh5 Rxg7 38. Bxg7 Kxg7 39. Nf4 Qf6 40. Qe8
Qh4 41. Nh5+ 1-0

[Event "EU-chT (Men) 10th"]
[Site "Debrecen"]
[Date "1992.11.??"]
[Round "6.3"]
[White "Kiik, Kalle"]
[Black "Hoi, Carsten"]
[Result "0-1"]
[WhiteElo "2395"]
[BlackElo "2430"]
[PlyCount "58"]
[EventDate "1992.11.20"]
[EventType "team-swiss"]
[EventRounds "9"]
[EventCountry "HUN"]
[SourceTitle "EU-chT"]
[Source "ChessBase"]
[SourceDate "1999.07.01"]
[SourceVersion "2"]
[SourceVersionDate "1999.07.01"]
[SourceQuality "1"]
[WhiteTeam "Estonia"]
[BlackTeam "Denmark"]
[WhiteTeamCountry "EST"]
[BlackTeamCountry "DEN"]

1. e4 g6 2. d4 Bg7 3. Nc3 d6 4. Be2 Nf6 5. h4 h5 6. Nf3 Bg4 7. Ng5 Nc6 8. f3
Bd7 9. Be3 e5 10. d5 Nd4 11. Bxd4 exd4 12. Qxd4 O-O 13. Qd2 Rb8 14. Rd1 b5 15.
b4 Re8 16. O-O Nh7 17. f4 Nxg5 18. hxg5 f5 19. gxf6 Qxf6 20. Rf3 Bg4 21. Nxb5
Bxf3 22. gxf3 Bh6 23. Qd4 Qxf4 24. Nxc7 Qg3+ 25. Kf1 Rxb4 26. Qf2 Qxf2+ 27.
Kxf2 Rc8 28. Na6 Rb6 29. Bd3 Rc3 0-1

[Event "EU-chT (Men) 10th"]
[Site "Debrecen"]
[Date "1992.11.??"]
[Round "7.1"]
[White "Hansen, Lars Bo"]
[Black "Bagirov, Vladimir"]
[Result "1-0"]
[WhiteElo "2535"]
[BlackElo "2500"]
[PlyCount "161"]
[EventDate "1992.11.20"]
[EventType "team-swiss"]
[EventRounds "9"]
[EventCountry "HUN"]
[SourceTitle "EU-chT"]
[Source "ChessBase"]
[SourceDate "1999.07.01"]
[SourceVersion "2"]
[SourceVersionDate "1999.07.01"]
[SourceQuality "1"]
[WhiteTeam "Denmark"]
[BlackTeam "Latvia"]
[WhiteTeamCountry "DEN"]
[BlackTeamCountry "LAT"]

1. d4 d5 2. c4 c6 3. Nc3 Nf6 4. e3 e6 5. Nf3 Nbd7 6. Bd3 dxc4 7. Bxc4 b5 8. Be2
a6 9. e4 b4 10. e5 bxc3 11. exf6 Nxf6 12. bxc3 Bd6 13. Nd2 O-O 14. Nc4 Be7 15.
Bf3 Bb7 16. Rb1 Ra7 17. Ne5 Qc8 18. O-O c5 19. Ba3 Bxf3 20. Qxf3 Rc7 21. Rfd1
cxd4 22. Bxe7 Rxe7 23. Rxd4 Rc7 24. c4 Rc5 25. Qe2 Qc7 26. f4 h6 27. Kh1 Rd8
28. Rbd1 Rxd4 29. Rxd4 Qa5 30. h3 Rc8 31. Kh2 Qc3 32. Qd1 Qa5 33. Qe2 Qc3 34.
Qd1 Qa5 35. Qb3 Qc7 36. Qa3 a5 37. Qd3 Qb6 38. Qd2 g6 39. Qd3 Kg7 40. Qd2 Rb8
41. Rd6 Qc5 42. Rd7 Nxd7 43. Nxd7 Qb4 44. Qd4+ Kg8 45. Nxb8 Qxb8 46. c5 Qc7 47.
Qe5 Qc6 48. Qb8+ Kg7 49. Qb6 Qa4 50. Qd6 Qxa2 51. Qd4+ e5 52. Qxe5+ Kh7 53. Qc3
Qa4 54. Kg3 g5 55. fxg5 hxg5 56. Kh2 Qf4+ 57. Kg1 Qb4 58. Qc2+ Kg7 59. c6 Qe1+
60. Kh2 Qe5+ 61. g3 Qc7 62. Kg2 f5 63. h4 gxh4 64. gxh4 Kg6 65. Kf3 Kf6 66.
Qc3+ Kg6 67. Qc4 Kf6 68. Kg2 Qg7+ 69. Kf3 Qc7 70. Qc3+ Kg6 71. Qc1 Kh7 72. Qc4
Kg7 73. h5 a4 74. Qxa4 Qh2 75. Qd4+ Kf7 76. Qc4+ Kf6 77. Qd4+ Ke6 78. Qc4+ Kf6
79. c7 Qh1+ 80. Kf2 Qh2+ 81. Ke1 1-0